Statistics for 7 Largest cities in Georgia (The US State)

Click here to take the quiz!

General Stats

  • This quiz has been taken 26 times
  • The average score is 4 of 7

Answer Stats

Rank Answer % Correct
1Atlanta
100%
5Savannah
100%
2Augusta
74%
4Macon
74%
6Athens
52%
3Columbus
35%
7Sandy Springs
9%

Score Distribution

Percentile by Number Answered

Percent of People with Each Score

Your Score History

You have not taken this quiz